[Event "CAN-ch Universities"]
[Site "Montreal CAN"]
[Date "2025.01.26"]
[Round "4.43"]
[White "Atmani, Amine"]
[Black "Jean, Alexandre"]
[Result "1-0"]
[WhiteElo "1995"]
[BlackElo "1585"]
[WhiteFideId "-1"]
[WhiteFideId "-1"]
[PlyCount "53"]
[GameId "2142617779404862"]
[EventDate "2025.01.24"]
[EventType "team"]
[EventRounds "5"]
[EventCountry "CAN"]
[WhiteTeam "U de Montreal A"]
[BlackTeam "U de Montreal B"]

1. e4 g6 2. d4 Bg7 3. c4 Nc6 4. Nf3 e5 5. d5 Nd4 6. Nxd4 exd4 7. Bf4 d6 8. Bd3 c5 9. O-O Ne7 10. Qf3 O-O 11. Qg3 f5 12. Bxd6 fxe4 13. Bxe4 Bf5 14. f3 Rc8 15. Nd2 Rf6 16. Be5 Rf7 17. Bxg7 Kxg7 18. Qe5+ Kf8 19. g4 Bd7 20. d6 Ng8 21. Bxb7 Rb8 22. Bd5 Rxb2 23. Bxf7 Kxf7 24. Ne4 Nf6 25. Rab1 Rxa2 26. Rb8 Bc8 27. Rxc8 1-0

[Event "CAN-ch Universities"]
[Site "Montreal CAN"]
[Date "2025.01.31"]
[Round "4.44"]
[White "Bergeron, Emile"]
[Black "Janelle, Karl"]
[Result "1-0"]
[WhiteElo "1239"]
[BlackElo "1954"]
[WhiteFideId "-1"]
[WhiteFideId "-1"]
[PlyCount "57"]
[GameId "2142619390120215"]
[EventDate "2025.01.24"]
[EventType "team"]
[EventRounds "5"]
[EventCountry "CAN"]
[WhiteTeam "U de Montreal B"]
[BlackTeam "U de Montreal A"]

1. d4 f5 2. c4 e6 3. g3 Nf6 4. Bg2 Be7 5. Nh3 O-O 6. O-O Qe8 7. Nc3 d6 8. Nf4 g5 9. Nxe6 Bxe6 10. Bxb7 Nbd7 11. Bxa8 Qxa8 12. d5 Bf7 13. Bxg5 Nxd5 14. Nxd5 Bxg5 15. h4 Bd8 16. e4 Nf6 17. f3 Be8 18. Qd2 Qc8 19. Kg2 Rf7 20. Qg5+ Kh8 21. Qh6 c6 22. Nxf6 Rxf6 23. Qe3 Bb6 24. Qg5 Qe6 25. Rae1 Qe5 26. exf5 Qxb2+ 27. Kh3 Bd7 28. Re7 Rxf5 29. Qg4 1-0

[Event "CAN-ch Universities"]
[Site "Montreal CAN"]
[Date "2025.01.26"]
[Round "4.51"]
[White "Zhang, Henry"]
[Black "Docheshmeh, Amir Mohammad"]
[Result "1-0"]
[WhiteElo "2222"]
[BlackElo "2034"]
[WhiteFideId "-1"]
[WhiteFideId "-1"]
[PlyCount "111"]
[GameId "2142622651742154"]
[EventDate "2025.01.24"]
[EventType "team"]
[EventRounds "5"]
[EventCountry "CAN"]
[WhiteTeam "U Toronto B"]
[BlackTeam "Western A"]

1. e4 e5 2. Nf3 Nc6 3. d4 exd4 4. Nxd4 Bc5 5. Nb3 Bb6 6. Nc3 d6 7. Qe2 Nf6 8. Be3 O-O 9. O-O-O Be6 10. g3 Re8 11. Bg2 Bxb3 12. cxb3 Qe7 13. Rhe1 Qe6 14. h3 Nb4 15. Kb1 Bxe3 16. Qxe3 a5 17. Qd4 Nd7 18. f4 Nc5 19. Bf1 Nc6 20. Qd5 a4 21. Qxe6 Rxe6 22. Bc4 Ree8 23. Nd5 Rac8 24. b4 Nxe4 25. b5 Na5 26. Bd3 Nf2 27. Rxe8+ Rxe8 28. Rd2 Nxd3 29. Rxd3 c6 30. bxc6 bxc6 31. Nb6 d5 32. Nxa4 Nc4 33. Kc2 g6 34. Kc3 Re4 35. b3 Nd6 36. Nc5 Re2 37. a4 Kf8 38. Kb4 Ke7 39. Ka5 Nc8 40. Ka6 Kd6 41. b4 Re7 42. Ka5 Ra7+ 43. Na6 Rb7 44. b5 Nb6 45. Kb4 cxb5 46. axb5 Nc4 47. Nc5 Re7 48. Na4 Ra7 49. Nc3 Nb6 50. Ne4+ Kc7 51. Nc3 Kd6 52. Ne4+ Kc7 53. Rc3+ Kd7 54. Nf6+ Ke7 55. Rc6 Rb7 56. Rxb6 1-0

[Event "CAN-ch Universities"]
[Site "Montreal CAN"]
[Date "2025.01.26"]
[Round "4.52"]
[White "Noorali, Aahil"]
[Black "Zheng, Victor"]
[Result "1-0"]
[WhiteElo "2054"]
[BlackElo "2182"]
[WhiteFideId "-1"]
[WhiteFideId "-1"]
[PlyCount "93"]
[GameId "2142626551076907"]
[EventDate "2025.01.24"]
[EventType "team"]
[EventRounds "5"]
[EventCountry "CAN"]
[WhiteTeam "Western A"]
[BlackTeam "U Toronto B"]

1. d4 Nf6 2. c4 g6 3. Nc3 Bg7 4. e4 d6 5. f3 O-O 6. Be3 e5 7. Nge2 Nc6 8. d5 Ne7 9. Qd2 Ne8 10. g4 f5 11. gxf5 gxf5 12. Bg5 f4 13. Ng1 h6 14. Bh4 Bf6 15. Bxf6 Nxf6 16. Qf2 Kh7 17. Bh3 Ng6 18. Bxc8 Qxc8 19. c5 Nd7 20. cxd6 cxd6 21. O-O-O b5 22. Kb1 Qb7 23. h4 b4 24. Na4 Rac8 25. b3 a5 26. h5 Nh8 27. Qh4 Nc5 28. Nxc5 Rxc5 29. Nh3 Rc3 30. Rc1 a4 31. bxa4 Qc7 32. Qe1 Qa5 33. Rh2 Rfc8 34. Rhc2 R8c5 35. Qh4 Qc7 36. Qf6 Qg7 37. Qf5+ Kg8 38. Rxc3 bxc3 39. Rg1 c2+ 40. Kc1 Qxg1+ 41. Nxg1 Nf7 42. Nh3 Rc3 43. Nf2 Ng5 44. Qg6+ Kf8 45. Qxh6+ Ke8 46. Qxg5 Rxf3 47. Ng4 1-0

[Event "CAN-ch Universities"]
[Site "Montreal CAN"]
[Date "2025.01.26"]
[Round "4.53"]
[White "Qiao, Cindy"]
[Black "Cheng, Jacob"]
[Result "1/2-1/2"]
[WhiteElo "2147"]
[BlackElo "1870"]
[WhiteFideId "-1"]
[WhiteFideId "-1"]
[PlyCount "63"]
[GameId "2142632879249757"]
[EventDate "2025.01.24"]
[EventType "team"]
[EventRounds "5"]
[EventCountry "CAN"]
[WhiteTeam "U Toronto B"]
[BlackTeam "Western A"]

1. d4 d5 2. Bf4 Nf6 3. e3 c5 4. Nf3 Nc6 5. Nbd2 Bf5 6. c3 Qb6 7. Qc1 e6 8. h3 h6 9. Be2 Rc8 10. O-O cxd4 11. Nxd4 Nxd4 12. exd4 Bd6 13. Bb5+ Ke7 14. Bxd6+ Qxd6 15. Nf3 Nh5 16. Qe3 Nf4 17. Ne5 g5 18. Bd3 Bxd3 19. Nxd3 Rhg8 20. Rfe1 Rg7 21. Rad1 Rcg8 22. Qe5 h5 23. Re3 h4 24. f3 Nh5 25. Rc1 f6 26. Qxd6+ Kxd6 27. Rce1 Re8 28. Kf2 b6 29. a4 a5 30. Rb1 Rc7 31. Rc1 Rec8 32. Rce1 1/2-1/2

[Event "CAN-ch Universities"]
[Site "Montreal CAN"]
[Date "2025.01.26"]
[Round "4.61"]
[White "Pelev, Iassen"]
[Black "Byl, Oliver"]
[Result "1-0"]
[WhiteElo "2095"]
[BlackElo "1819"]
[WhiteFideId "-1"]
[WhiteFideId "-1"]
[PlyCount "101"]
[GameId "2142708061318418"]
[EventDate "2025.01.24"]
[EventType "team"]
[EventRounds "5"]
[EventCountry "CAN"]
[WhiteTeam "Carleton A"]
[BlackTeam "U Ottawa B"]

1. e4 d6 2. d4 Nf6 3. Nc3 e5 4. Nge2 Nbd7 5. h3 Be7 6. g4 c6 7. Be3 b5 8. d5 c5 9. g5 Nh5 10. Nxb5 a6 11. Na3 Bxg5 12. Nc4 Be7 13. Rg1 Nb6 14. Na5 Bd7 15. Nc3 g6 16. Qd2 Na4 17. Nxa4 Bxa4 18. Be2 Nf6 19. f3 Nh5 20. Bc4 Bh4+ 21. Ke2 Bb5 22. a4 Bd7 23. Kd3 f5 24. Nc6 Qf6 25. Kc3 f4 26. Bf2 Bxf2 27. Qxf2 Bxh3 28. Ra3 Ng3 29. Rb3 O-O 30. Rb7 Rf7 31. Rb6 Bc8 32. b4 cxb4+ 33. Nxb4 g5 34. Bxa6 g4 35. Bb5 Qd8 36. Bc6 Raa7 37. Rb1 gxf3 38. Kd3 Ne2 39. Rb8 Nd4 40. c3 Nxc6 41. Nxc6 Qc7 42. Qxa7 Qxa7 43. Rxc8+ Kg7 44. Nxa7 Rxa7 45. Rd8 Rxa4 46. Rxd6 Ra2 47. Rf1 f2 48. Re6 h5 49. Rxe5 Kg6 50. d6 Ra6 51. Rd5 1-0

[Event "CAN-ch Universities"]
[Site "Montreal CAN"]
[Date "2025.01.26"]
[Round "4.63"]
[White "Graham, Douglas"]
[Black "Shah, Mustafa"]
[Result "1/2-1/2"]
[WhiteElo "1933"]
[BlackElo "1745"]
[WhiteFideId "-1"]
[WhiteFideId "-1"]
[PlyCount "44"]
[GameId "2142717854949614"]
[EventDate "2025.01.24"]
[EventType "team"]
[EventRounds "5"]
[EventCountry "CAN"]
[WhiteTeam "Carleton A"]
[BlackTeam "U Ottawa B"]

1. d4 d5 2. Nf3 Nf6 3. g3 Bf5 4. Bg2 h6 5. O-O e6 6. c4 c6 7. Nc3 Nbd7 8. Re1 Be7 9. Nd2 O-O 10. e4 dxe4 11. Ndxe4 Nxe4 12. Nxe4 Nf6 13. Nxf6+ Bxf6 14. d5 cxd5 15. cxd5 exd5 16. Qxd5 Qxd5 17. Bxd5 a5 18. Bxb7 Rab8 19. Bd5 Bxb2 20. Bxb2 Rxb2 21. Re5 g6 22. Kg2 Rb1 1/2-1/2

[Event "CAN-ch Universities"]
[Site "Montreal CAN"]
[Date "2025.01.26"]
[Round "4.64"]
[White "Sharifi, Sam"]
[Black "Rayos, Cris Angelo"]
[Result "0-1"]
[WhiteElo "1739"]
[BlackElo "1954"]
[WhiteFideId "-1"]
[WhiteFideId "-1"]
[PlyCount "50"]
[GameId "2142738424856938"]
[EventDate "2025.01.24"]
[EventType "team"]
[EventRounds "5"]
[EventCountry "CAN"]
[WhiteTeam "U Ottawa B"]
[BlackTeam "Carleton A"]

1. Nf3 Nf6 2. d4 g6 3. c4 Bg7 4. g3 d6 5. Bg2 O-O 6. O-O Nbd7 7. Nc3 c6 8. e4 e5 9. d5 Qe7 10. Ne1 Ne8 11. Nd3 c5 12. a3 f5 13. f4 exf4 14. Nxf4 Ne5 15. exf5 Bxf5 16. Re1 Qf7 17. Ne6 Bg4 18. Qc2 Nf3+ 19. Bxf3 Qxf3 20. Be3 Bxe6 21. dxe6 Nc7 22. e7 Rf7 23. Bf2 Re8 24. Qe4 Qxf2+ 25. Kh1 Rfxe7 0-1

[Event "CAN-ch Universities"]
[Site "Montreal CAN"]
[Date "2025.01.26"]
[Round "4.71"]
[White "Ahmed, Syed Ibrahim"]
[Black "Madanchi, Ata"]
[Result "0-1"]
[WhiteElo "2230"]
[BlackElo "2031"]
[WhiteFideId "-1"]
[WhiteFideId "-1"]
[PlyCount "40"]
[GameId "2142739776229867"]
[EventDate "2025.01.24"]
[EventType "team"]
[EventRounds "5"]
[EventCountry "CAN"]
[WhiteTeam "Queens A"]
[BlackTeam "McGill B"]

1. d4 d5 2. c4 e6 3. Nc3 c5 4. e3 Nf6 5. Nf3 Nc6 6. a3 Be7 7. dxc5 Bxc5 8. b4 Bb6 9. Bb2 a6 10. Qb3 O-O 11. Rd1 Qe7 12. cxd5 exd5 13. Nxd5 Nxd5 14. Rxd5 Be6 15. Qc3 f6 16. Rd1 Kh8 17. Bd3 Bg4 18. Qc4 Bxf3 19. Qh4 g5 20. Bxf6+ Rxf6 0-1

[Event "CAN-ch Universities"]
[Site "Montreal CAN"]
[Date "2025.01.26"]
[Round "4.74"]
[White "Liao, Minyan"]
[Black "Capello, Jordan"]
[Result "1/2-1/2"]
[WhiteElo "1847"]
[BlackElo "1921"]
[WhiteFideId "-1"]
[WhiteFideId "-1"]
[PlyCount "88"]
[GameId "2142772080190327"]
[EventDate "2025.01.24"]
[EventType "team"]
[EventRounds "5"]
[EventCountry "CAN"]
[WhiteTeam "McGill B"]
[BlackTeam "Queens A"]

1. e4 c5 2. Nc3 Nc6 3. Bb5 e6 4. Bxc6 bxc6 5. d3 d5 6. f4 Nf6 7. Nf3 Qb6 8. b3 dxe4 9. dxe4 Qb4 10. Bd2 Nxe4 11. Nd5 Qb8 12. Nc3 Nxc3 13. Bxc3 Qxf4 14. Qe2 f6 15. O-O Bd6 16. Rad1 Bc7 17. Ne5 Qh4 18. Be1 Qg5 19. Nxc6 Kf7 20. Bg3 Bxg3 21. hxg3 Re8 22. Qe4 Qxg3 23. Nd8+ Rxd8 24. Rxd8 Rb8 25. Qc6 Qe3+ 26. Kh1 Qh6+ 27. Kg1 Qe3+ 28. Kh2 Qh6+ 29. Kg3 Qe3+ 30. Rf3 Qe1+ 31. Kh2 Qh4+ 32. Kg1 Qe1+ 33. Kh2 Qh4+ 34. Rh3 Qf4+ 35. Rg3 Qh6+ 36. Rh3 Qf4+ 37. Kg1 Qc1+ 38. Kh2 Qf4+ 39. Kg1 Qc1+ 40. Kf2 Qf4+ 41. Ke1 Qc1+ 42. Rd1 Qf4 43. Rd8 Qc1+ 44. Rd1 Qf4 1/2-1/2

[Event "CAN-ch Universities"]
[Site "Montreal CAN"]
[Date "2025.01.26"]
[Round "4.81"]
[White "Li, Yi Lin"]
[Black "Nasir, Zehn"]
[Result "0-1"]
[WhiteElo "2044"]
[BlackElo "2219"]
[WhiteFideId "-1"]
[WhiteFideId "-1"]
[PlyCount "134"]
[GameId "2142774459471008"]
[EventDate "2025.01.24"]
[EventType "team"]
[EventRounds "5"]
[EventCountry "CAN"]
[WhiteTeam "Waterloo B"]
[BlackTeam "York A"]

1. e4 c6 2. d4 d5 3. e5 Bf5 4. h4 h5 5. Bd3 Bxd3 6. Qxd3 e6 7. Nf3 Qa5+ 8. Nbd2 Qa6 9. c4 Nh6 10. O-O Be7 11. b3 Nf5 12. a4 Qb6 13. Ba3 Bxa3 14. Rxa3 a5 15. Rc1 Na6 16. c5 Qd8 17. g3 Nb4 18. Qc3 O-O 19. Nf1 Rc8 20. Ne3 Nh6 21. Ng2 b6 22. Qd2 Nf5 23. Nf4 g6 24. cxb6 Qxb6 25. Nxh5 gxh5 26. Qg5+ Ng7 27. Qh6 Qa6 28. Rc5 f6 29. Rc3 Qe2 30. exf6 Rxf6 31. Qxf6 Rf8 32. Qg5 Rxf3 33. Rxf3 Qxf3 34. Ra1 Nc2 35. Rf1 Nxd4 36. Qd8+ Kh7 37. Qxa5 Ne2+ 38. Kh2 Nxg3 39. Rg1 Qxf2+ 40. Rg2 Nf1+ 41. Kh1 Qxh4+ 42. Kg1 Ne3 43. Rxg7+ Kxg7 44. Qa7+ Kf6 45. Qxe3 d4 46. Qf3+ Ke5 47. Qxc6 Qg3+ 48. Kf1 Qd3+ 49. Kg1 Qxb3 50. Qc7+ Kd5 51. Qd7+ Kc5 52. Qe7+ Kd5 53. Qd7+ Ke5 54. Qc7+ Ke4 55. Qh7+ Ke3 56. Qh6+ Kd3 57. Qxh5 Kc3 58. Qc5+ Qc4 59. Qa3+ Kc2 60. Qg3 d3 61. Qg6 Kc1 62. a5 Qc5+ 63. Kg2 d2 64. Qh6 Qxa5 65. Qe3 Qd5+ 66. Kf2 Kc2 67. Qe2 Qd3 0-1

[Event "CAN-ch Universities"]
[Site "Montreal CAN"]
[Date "2025.01.26"]
[Round "4.82"]
[White "Chertkow, Matthew"]
[Black "Ramesh, Sanjay"]
[Result "0-1"]
[WhiteElo "1845"]
[BlackElo "2017"]
[WhiteFideId "-1"]
[WhiteFideId "-1"]
[PlyCount "128"]
[GameId "2142777830024509"]
[EventDate "2025.01.24"]
[EventType "team"]
[EventRounds "5"]
[EventCountry "CAN"]
[WhiteTeam "York A"]
[BlackTeam "Waterloo B"]

1. e4 c6 2. Nf3 d5 3. Nc3 dxe4 4. Nxe4 Nf6 5. Nxf6+ exf6 6. Be2 Bd6 7. O-O O-O 8. d4 Qc7 9. h3 h6 10. Re1 Re8 11. Bd3 Be6 12. Nh4 Nd7 13. Qh5 Bf4 14. Be3 Nf8 15. Re2 Rad8 16. c4 Bxe3 17. fxe3 Qg3 18. Kh1 Bc8 19. Rae1 c5 20. Nf3 Ng6 21. Bxg6 fxg6 22. Qh4 Qxh4 23. Nxh4 cxd4 24. exd4 Rxe2 25. Rxe2 Kf7 26. Nf3 g5 27. Kg1 g4 28. hxg4 Bxg4 29. Rd2 Bxf3 30. gxf3 a5 31. a4 g5 32. Kf2 f5 33. f4 g4 34. d5 b6 35. b4 axb4 36. Rb2 Re8 37. Rxb4 Re4 38. Kg3 Re3+ 39. Kg2 h5 40. Rxb6 h4 41. Rb7+ Ke8 42. c5 h3+ 43. Kh2 Re2+ 44. Kg1 g3 45. Rb1 Kd7 46. Rb7+ Kc8 47. Rb1 Rc2 48. c6 Rc5 49. Kf1 Rxd5 50. Ke2 Kc7 51. Kf3 Rd3+ 52. Ke2 g2 53. Kf2 Kxc6 54. Kg1 Kd5 55. Kh2 Ke4 56. a5 Kxf4 57. a6 Rf3 58. a7 Rf1 59. Rxf1+ gxf1=Q 60. a8=Q Qf2+ 61. Kh1 Qf3+ 62. Qxf3+ Kxf3 63. Kh2 f4 64. Kxh3 Ke2 0-1

[Event "CAN-ch Universities"]
[Site "Montreal CAN"]
[Date "2025.01.26"]
[Round "4.83"]
[White "Qiu, Andrew Yu"]
[Black "Hosseini, Mohammad Mahdi"]
[Result "1/2-1/2"]
[WhiteElo "1964"]
[BlackElo "1614"]
[WhiteFideId "-1"]
[WhiteFideId "-1"]
[PlyCount "74"]
[GameId "2142794093024735"]
[EventDate "2025.01.24"]
[EventType "team"]
[EventRounds "5"]
[EventCountry "CAN"]
[WhiteTeam "Waterloo B"]
[BlackTeam "York A"]

1. e4 e6 2. Nf3 d5 3. Nc3 dxe4 4. Nxe4 Nd7 5. d4 Ngf6 6. Nxf6+ Nxf6 7. Be3 Be7 8. Bd3 Bd7 9. c3 Nd5 10. Qc2 h6 11. a3 Nxe3 12. fxe3 c5 13. O-O cxd4 14. exd4 Bf6 15. Rae1 O-O 16. Kh1 Bc6 17. Rd1 Qc7 18. Be4 Rac8 19. Rf2 Rcd8 20. Bxc6 Qxc6 21. Re2 Rfe8 22. a4 a5 23. Rde1 Re7 24. Qd3 Qxa4 25. Ne5 Bxe5 26. Rxe5 Rd5 27. h3 Rxe5 28. Rxe5 b6 29. Rb5 Rb7 30. b3 Qa1+ 31. Kh2 Qc1 32. Qf3 Rb8 33. Qc6 Qf4+ 34. Kg1 Qe3+ 35. Kh2 Qf4+ 36. Kg1 Qe3+ 37. Kh2 Qf4+ 1/2-1/2

[Event "CAN-ch Universities"]
[Site "Montreal CAN"]
[Date "2025.01.06"]
[Round "5.12"]
[White "Rousskikh, Maxim"]
[Black "Noritsyn, Sergey"]
[Result "0-1"]
[WhiteElo "2136"]
[BlackElo "2456"]
[WhiteFideId "-1"]
[WhiteFideId "-1"]
[PlyCount "76"]
[GameId "2143005452035159"]
[EventDate "2025.01.24"]
[EventType "team"]
[EventRounds "5"]
[EventCountry "CAN"]
[WhiteTeam "U Ottawa A"]
[BlackTeam "U Toronto A"]

1. d4 Nf6 2. Bg5 d5 3. e3 c5 4. Bxf6 gxf6 5. dxc5 e6 6. Nf3 Bxc5 7. Be2 Nc6 8. O-O O-O 9. c4 d4 10. b4 d3 11. bxc5 dxe2 12. Qxe2 Qa5 13. Nbd2 Qxc5 14. Rab1 e5 15. Nh4 Ne7 16. Rfd1 Qc6 17. Qf3 Qxf3 18. Nhxf3 b6 19. c5 Bf5 20. e4 Be6 21. cxb6 axb6 22. Rxb6 Rxa2 23. Rdb1 Kg7 24. h3 Rc8 25. R1b2 Ra3 26. Kh2 Ng6 27. Rb8 Rcc3 28. Ng1 Rd3 29. Ne2 Ra1 30. Ng1 Re1 31. R8b4 Nf4 32. Ngf3 Re2 33. Kg1 Rc3 34. Rb1 Nd3 35. Rb6 Rxf2 36. Rd6 Re2 37. Rd1 Nf4 38. Ne1 Nxg2 0-1

[Event "CAN-ch Universities"]
[Site "Montreal CAN"]
[Date "2025.01.26"]
[Round "5.13"]
[White "Rusonik, Max"]
[Black "Pitre, Lucas"]
[Result "1/2-1/2"]
[WhiteElo "2414"]
[BlackElo "1951"]
[WhiteFideId "-1"]
[WhiteFideId "-1"]
[PlyCount "88"]
[GameId "2143026504168872"]
[EventDate "2025.01.24"]
[EventType "team"]
[EventRounds "5"]
[EventCountry "CAN"]
[WhiteTeam "U Toronto A"]
[BlackTeam "U Ottawa A"]

1. e4 d6 2. d4 Nf6 3. Nc3 e5 4. Nf3 Nbd7 5. Rg1 c6 6. g4 exd4 7. Nxd4 Nc5 8. Qe2 Qb6 9. g5 Nfd7 10. Nb3 a5 11. Nd2 a4 12. a3 Ne6 13. Nc4 Qd8 14. Be3 b5 15. Nd2 Be7 16. h4 Nec5 17. h5 f6 18. g6 h6 19. f4 Qc7 20. Bh3 Nb6 21. Bxc8 Rxc8 22. O-O-O Ne6 23. Rge1 Nd7 24. Qg4 Ndc5 25. Nf3 O-O 26. Nd4 Nxd4 27. Bxd4 f5 28. exf5 Bf6 29. Bxc5 dxc5 30. Ne4 b4 31. Nxf6+ Rxf6 32. Re5 bxa3 33. bxa3 Rb8 34. Qe2 Rff8 35. Qc4+ Kh8 36. Rd3 Qb6 37. Kd2 Qb1 38. Re7 Qf1 39. Qe4 Rb1 40. f6 Qc1+ 41. Ke2 Qf1+ 42. Kd2 Qc1+ 43. Ke2 Qf1+ 44. Kd2 Qc1+ 1/2-1/2

[Event "CAN-ch Universities"]
[Site "Montreal CAN"]
[Date "2025.01.26"]
[Round "5.14"]
[White "Mullur, Neerav"]
[Black "Mao, Fengxi"]
[Result "0-1"]
[WhiteElo "1902"]
[BlackElo "2359"]
[WhiteFideId "-1"]
[WhiteFideId "-1"]
[PlyCount "88"]
[GameId "2143036384777824"]
[EventDate "2025.01.24"]
[EventType "team"]
[EventRounds "5"]
[EventCountry "CAN"]
[WhiteTeam "U Ottawa A"]
[BlackTeam "U Toronto A"]

1. e4 c5 2. c3 Nf6 3. e5 Nd5 4. Nf3 d6 5. d4 cxd4 6. Qxd4 e6 7. Bb5+ Bd7 8. Bg5 Qb6 9. Qxb6 Nxb6 10. Na3 d5 11. Bxd7+ Kxd7 12. Nc2 Nc6 13. O-O-O h6 14. Be3 Nc4 15. Bd4 Be7 16. Rhe1 Rhc8 17. Kb1 Ke8 18. Nd2 b5 19. f4 h5 20. f5 exf5 21. Nxc4 dxc4 22. Ne3 g6 23. Nd5 Nd8 24. Nf4 Ne6 25. Nd5 Rd8 26. Bf2 Rd7 27. Nf6+ Bxf6 28. Rxd7 Kxd7 29. exf6 a6 30. Re5 Re8 31. a4 Nf4 32. Rxe8 Kxe8 33. axb5 axb5 34. g3 Nd5 35. Bd4 Kd7 36. Kc2 Ke6 37. h4 Nxf6 38. Bf2 Ne4 39. Be1 f4 40. gxf4 Kf5 41. Kd1 Kxf4 42. Ke2 f6 43. Kf1 Kf3 44. Kg1 Ke2 0-1

[Event "CAN-ch Universities"]
[Site "Montreal CAN"]
[Date "2025.01.26"]
[Round "5.21"]
[White "Martinez Mulet, Dario Leonel"]
[Black "Tanaka, Tyler"]
[Result "1/2-1/2"]
[WhiteElo "2258"]
[BlackElo "2377"]
[WhiteFideId "-1"]
[WhiteFideId "-1"]
[PlyCount "25"]
[GameId "2143069197383459"]
[EventDate "2025.01.24"]
[EventType "team"]
[EventRounds "5"]
[EventCountry "CAN"]
[WhiteTeam "Concordia A"]
[BlackTeam "McGill A"]

1. d4 Nf6 2. Nf3 d5 3. c4 e6 4. Nc3 c5 5. cxd5 Nxd5 6. e4 Nxc3 7. bxc3 cxd4 8. cxd4 Bb4+ 9. Bd2 Bxd2+ 10. Qxd2 O-O 11. Be2 b6 12. O-O Bb7 13. Qe3 1/2-1/2

[Event "CAN-ch Universities"]
[Site "Montreal CAN"]
[Date "2025.01.26"]
[Round "5.23"]
[White "Ruiz-Proano, Esteban"]
[Black "Wu, Tony"]
[Result "1-0"]
[WhiteElo "1912"]
[BlackElo "2130"]
[WhiteFideId "-1"]
[WhiteFideId "-1"]
[PlyCount "69"]
[GameId "2143074901178349"]
[EventDate "2025.01.24"]
[EventType "team"]
[EventRounds "5"]
[EventCountry "CAN"]
[WhiteTeam "Concordia A"]
[BlackTeam "McGill A"]

1. Nf3 Nf6 2. g3 b6 3. Bg2 Bb7 4. O-O e6 5. d4 Be7 6. c4 O-O 7. Nc3 Bb4 8. Bg5 Bxc3 9. bxc3 d6 10. Re1 Be4 11. Nd2 Bxg2 12. Kxg2 Nbd7 13. e4 h6 14. Bxf6 Qxf6 15. Qf3 Qe7 16. Qe3 a5 17. f4 e5 18. Re2 a4 19. Rf1 Ra5 20. Ref2 f6 21. fxe5 dxe5 22. Nf3 Re8 23. Re1 Qe6 24. Qe2 a3 25. Nh4 Kh7 26. Qh5 Nf8 27. d5 Qd7 28. Ref1 Re7 29. Rxf6 gxf6 30. Rxf6 Kg8 31. Nf5 Rh7 32. Qg4+ Rg7 33. Nxh6+ Kh7 34. Qh5 Ng6 35. Nf5+ 1-0

[Event "CAN-ch Universities"]
[Site "Montreal CAN"]
[Date "2025.01.26"]
[Round "5.31"]
[White "Yu, Zong Yang"]
[Black "Kang, Dorian"]
[Result "1-0"]
[WhiteElo "2477"]
[BlackElo "2302"]
[WhiteFideId "-1"]
[WhiteFideId "-1"]
[PlyCount "75"]
[GameId "2143079377316273"]
[EventDate "2025.01.24"]
[EventType "team"]
[EventRounds "5"]
[EventCountry "CAN"]
[WhiteTeam "U de Montreal A"]
[BlackTeam "Waterloo A"]

1. d4 e6 2. g3 Nf6 3. c4 d5 4. Nf3 Be7 5. Bg2 O-O 6. O-O dxc4 7. Qc2 a6 8. a4 Nc6 9. Qxc4 Rb8 10. Nc3 Na5 11. Qa2 b6 12. e4 Bb7 13. Re1 c5 14. Bf4 Rc8 15. d5 exd5 16. exd5 Bd6 17. Bg5 h6 18. Bxf6 Qxf6 19. Ne4 Qd8 20. Nh4 Re8 21. Rad1 c4 22. Nxd6 Qxd6 23. Nf5 Qb4 24. Qb1 Rxe1+ 25. Rxe1 Rd8 26. Qc1 Nb3 27. Qe3 Nc5 28. Qe5 f6 29. Qe7 Rd7 30. Qe8+ Kh7 31. Re7 Qxa4 32. Qf7 Rxe7 33. Nxe7 Qd1+ 34. Bf1 Bxd5 35. Nxd5 Qd4 36. Ne7 Qd8 37. Bxc4 b5 38. Bd5 1-0

[Event "CAN-ch Universities"]
[Site "Montreal CAN"]
[Date "2025.01.26"]
[Round "5.32"]
[White "Lalonde, Olivier"]
[Black "Hebrard, Emmanuel"]
[Result "1-0"]
[WhiteElo "2267"]
[BlackElo "2002"]
[WhiteFideId "-1"]
[WhiteFideId "-1"]
[PlyCount "63"]
[GameId "2143108256111242"]
[EventDate "2025.01.24"]
[EventType "team"]
[EventRounds "5"]
[EventCountry "CAN"]
[WhiteTeam "Waterloo A"]
[BlackTeam "U de Montreal A"]

1. Nf3 Nf6 2. c4 g6 3. Nc3 d6 4. d4 Bg7 5. e4 Nbd7 6. Be2 e5 7. O-O O-O 8. Be3 h6 9. dxe5 dxe5 10. Nd2 Nh7 11. c5 Ng5 12. Bc4 Ne6 13. Bxe6 fxe6 14. Nc4 b6 15. b4 bxc5 16. bxc5 Ba6 17. Qa4 Bxc4 18. Qxc4 Qe7 19. Rab1 Rfc8 20. Rb5 c6 21. Rb7 Rcb8 22. Rfb1 Bf8 23. Rc7 Rxb1+ 24. Nxb1 Kf7 25. h3 a5 26. Na3 Rb8 27. Qa6 Kf6 28. Qxc6 Rd8 29. Qb5 Qe8 30. Nc4 Nb8 31. Qb2 Nc6 32. f4 1-0

[Event "CAN-ch Universities"]
[Site "Montreal CAN"]
[Date "2025.01.26"]
[Round "5.33"]
[White "Atmani, Amine"]
[Black "Surya, Benito"]
[Result "1/2-1/2"]
[WhiteElo "1995"]
[BlackElo "2198"]
[WhiteFideId "-1"]
[WhiteFideId "-1"]
[PlyCount "76"]
[GameId "2143110159567717"]
[EventDate "2025.01.24"]
[EventType "team"]
[EventRounds "5"]
[EventCountry "CAN"]
[WhiteTeam "U de Montreal A"]
[BlackTeam "Waterloo A"]

1. d4 d5 2. c4 e6 3. Nf3 c5 4. e3 Nc6 5. Nc3 Nf6 6. b3 cxd4 7. exd4 Be7 8. Be2 O-O 9. O-O b6 10. cxd5 Nxd5 11. Nxd5 Qxd5 12. Bc4 Qh5 13. Ne5 Qxd1 14. Rxd1 Bb7 15. Bb2 Rfd8 16. Bb5 Nb4 17. Rac1 Rac8 18. a3 Nd5 19. Nc6 Bxc6 20. Bxc6 Nf6 21. Bb7 Rxc1 22. Rxc1 Bd6 23. b4 Kf8 24. b5 Ke7 25. g3 Bb8 26. Bc3 Nd5 27. Bd2 Bd6 28. Bxd5 exd5 29. Bb4 Bxb4 30. axb4 Kd7 31. Ra1 Ra8 32. g4 f6 33. Kg2 Kc7 34. h4 Kb7 35. Re1 Rc8 36. Re7+ Rc7 37. Rxc7+ Kxc7 38. g5 f5 1/2-1/2

[Event "CAN-ch Universities"]
[Site "Montreal CAN"]
[Date "2025.01.26"]
[Round "5.34"]
[White "Momin, Fayzan"]
[Black "Janelle, Karl"]
[Result "1-0"]
[WhiteElo "2192"]
[BlackElo "1954"]
[WhiteFideId "-1"]
[WhiteFideId "-1"]
[PlyCount "109"]
[GameId "2143134038490184"]
[EventDate "2025.01.24"]
[EventType "team"]
[EventRounds "5"]
[EventCountry "CAN"]
[WhiteTeam "Waterloo A"]
[BlackTeam "U de Montreal A"]

1. e4 c5 2. Nf3 e6 3. c3 Nf6 4. e5 Nd5 5. d4 cxd4 6. cxd4 Be7 7. Bd3 O-O 8. O-O f5 9. exf6 Bxf6 10. Nc3 Nxc3 11. bxc3 Nc6 12. Re1 Qa5 13. Qc2 Qh5 14. Ba3 Be7 15. Bxe7 Nxe7 16. Ne5 b6 17. Re3 Nf5 18. Rh3 Qg5 19. Rf1 g6 20. f4 Qf6 21. g4 Ne7 22. g5 Qg7 23. Be4 Ba6 24. Rf2 Rad8 25. Qa4 d5 26. Bb1 Bc4 27. Qxa7 Nc8 28. Qa3 Qa7 29. Qc1 Nd6 30. Nc6 Qf7 31. Nxd8 Rxd8 32. Re3 Nf5 33. Re5 Kg7 34. Qe1 Re8 35. Bxf5 gxf5 36. Kg2 Qh5 37. Re3 Kf7 38. Rh3 Qg4+ 39. Rg3 Qh5 40. Qe5 Qg6 41. Rh3 h5 42. Re3 b5 43. h4 Re7 44. Qd6 Ra7 45. a3 Re7 46. Rb2 Qg8 47. Rb1 Qa8 48. Rbe1 Qc8 49. Qe5 Ke8 50. Qh8+ Kd7 51. Qxc8+ Kxc8 52. Rxe6 Rxe6 53. Rxe6 Bd3 54. Re5 Be4+ 55. Kf2 1-0